| 000 | 01276nam a2200313 i 4500 | ||
|---|---|---|---|
| 003 | DO-SdBNP | ||
| 005 | 20260220090647.0 | ||
| 007 | ta | ||
| 008 | 260129b2025 dr ao||| |||| 00| 0 spa d | ||
| 020 | _a9789945292558 | ||
| 040 |
_aDO-SdBNP _bspa _cBNPHU _erda |
||
| 041 | _aspa | ||
| 082 | 4 |
_a972.93054 _bA185c _222 |
|
| 100 |
_aAcosta Moreta, Luis, _d1951- _eautor _4aut. _98291 |
||
| 245 | 1 | 3 |
_aLa casa del Presidente Joaquín Balaguer, Máximo Gómez 25, parte atrás / _cLuis Acosta Moreta ; colaboración testimonial, Samuel Pereyra Ariza ; corrección, Ana Francisca Almonte Silverio, Carlos Álvarez Guzmán. |
| 250 | _aPrimera edición | ||
| 264 |
_aSanto Domingo, República Dominicana : _bEditora Centenario, S.R.L., _c2025. |
||
| 300 |
_a350 páginas : _bilustraciones, retratos ; _c24 cm. |
||
| 336 |
_atexto _btxt _2rdacontent |
||
| 337 |
_asin mediación _bn _2rdamedia |
||
| 338 |
_avolumen _bnc _2rdacarrier |
||
| 590 | _aInventariado, 2026/LP. | ||
| 651 | 7 |
_aRepública Dominicana _xHistoria _y1961-2000 _989065 |
|
| 700 | 1 |
_aPereyra Ariza, Samuel, _ecolaborador _988936 _4col. |
|
| 700 | 1 |
_aAlmonte Silverio, Ana Francisca, _ecorrector _988937 _4corr. |
|
| 700 | 1 |
_aÁlvarez Guzmán, Carlos, _ecorrector _988879 _4corr. |
|
| 910 | _aLP | ||
| 942 |
_2ddc _cLBS1 |
||
| 999 |
_c60166 _d60166 |
||